01876nam a2200505Ia 4500001000700000008004100007035001600048041000800064084001300072110009600085245008400181260004000265300002100305500010600326500002900432650003300461650001900494650003000513650002300543650003200566650003000598650002000628650003000648650002900678650003200707650002500739650002800764650003600792710001400828710001600842710006800858710006600926710002500992710004101017710004201058856006101100901000601161903000701167904000801174906003001182910000901212942002001221999001701241952011201258036234221003s2009 xx 000 0 spa d aCENDO_26285 aspa aCD-12146 aESPAÑA.bAcuerdo sobre Solución Extrajudicial de Conflictos Laboralesn4ºd200991876610aCuarto Acuerdo sobre Solución Autónoma de Conflictos Laborales :b[ASEC IV] a[Madrid :bFundación SIMA,c2009] a28 p. ;c 22 cm aContiene: Acta de firma y el texto del IV Acuerdo sobre Solución Autónoma de Conflictos Laborales aTít. tomado de la cub. aACTITUD DE LA DIRECCION9173 aARBITRAJE9761 aARREGLO DE CONFLICTO9762 aCONCILIACION91327 aCONDICIONES DE TRABAJO9128 aCONFLICTO DE TRABAJO9114 aMEDIACION91070 0aNEGOCIACION COLECTIVA974 aRELACIONES LABORALES954 aSOLUCION EXTRAJUDICIAL9719 0aACTITUD SINDICAL961 0aCONVENIO COLECTIVO9297 0aDERECHOS DE LOS TRABAJADORES94 aCEOE9408 aCEPYME9411 aCONFEDERACION ESPAÑOLA DE LA PEQUEÑA Y MEDIANA EMPRESA9410 aCONFEDERACION ESPAÑOLA DE ORGANIZACIONES EMPRESARIALES9409 aFUNDACION SIMA98777 aUGTbConfederación Sindical9128732 aCCOObConfederación Sindical927927 zPDFuhttp://docpublicos.ccoo.es/cendoc/036234ASEC-IV.pdf a5 aNO a000 aESPAÑAbASECn4ºf2009 a2009 cMONOGRAFIA2ddc c26284d26284 00104070aCENDObCENDOd2013-04-08l0oCD-12146pCENDO_26285r2022-10-05 00:00:00w2022-10-05yMONOGRAFIA